000 00264pab a2200109 454500
008 180718b xxu||||| |||| 00| 0 eng d
100 _aChandra Shekhar
245 _aPolitical economy in Today's India
650 _aEconomic Policy
773 _aMainstream
909 _a2660
999 _c2660
_d2660